000
00331nam a22001457a 4500
008
210527b ||||| |||| 00| 0 eng d
020
_a
0891811648
041
_a
eng
080
_a
37
082
_a
37
100
_a
46
101
_a
EDU
245
_a
Continuing Education Course Note Series
_c
Deltaic S. Bodies
942
_2
udc
_c
BK
999
_c
57708
_d
57708